Normal view
MARC view
- Eddy, Metcalf
Entry Personal Name
001 - CONTROL NUMBER
- control field: 3961
003 - CONTROL NUMBER IDENTIFIER
- control field: JO-AjAnu
005 - DATE AND TIME OF LATEST TRANSACTION
- control field: 20230606070942.0
008 - FIXED-LENGTH DATA ELEMENTS
- fixed length control field: 230606|| aca||aabn | a|a d
040 ## - CATALOGING SOURCE
- Original cataloging agency: JO-AjAnu
- Transcribing agency: JO-AjAnu
100 ## - HEADING--PERSONAL NAME
- Personal name: Eddy, Metcalf
670 ## - SOURCE DATA FOUND
- Source citation: Work cat.: (JO-AjAnu)2063: Eddy, Metcalf, author, Wastewater Engineering Treatment and ResourceRecovery Vol.1